000 00327nam a2200169Ia 4500
100 _aPillai/Radhakrishnan
650 _aChanakya
942 _cBK
366 _f25
654 _achanakya
245 _aThus spoke chanakya
260 _bJaico
_c2018
082 _bPIL
300 _a246
546 _aENGLISH
999 _c24888
_d24888